All X-Men Members - Statistics

General Stats
  • This quiz has been taken 528 times
    374 since last reset
  • The average score is 81 of 184
Answer Stats
Answer % Correct
Penance
98%
Professor X
97%
Logan
96%
Wolverine (Laura Kinney)
96%
Wolverine (Logan)
96%
Poison
95%
Cyclops
94%
Bloodstorm
93%
Marvel Girl
93%
Storm
92%
Beast
91%
Dark Beast
91%
Joseph
91%
Angel
90%
Magneto
90%
Iceman
89%
Rogue
89%
Gambit
88%
Colossus
87%
Mystique
87%
Nightcrawler
86%
Red Queen
86%
Cable
82%
Havok
82%
Jubilee
82%
White Queen
81%
Captain Britain
80%
Psylocke
79%
Banshee
77%
Siryn
77%
Red Bishop
75%
Pyro (Simon Lasker)
73%
Pyro (St. John Allerdyce)
73%
Askani
72%
Sabretooth
71%
Juggernaut
70%
Sunspot
70%
Toad
70%
Polaris
69%
Magik
67%
Amanda Sefton
66%
Forge
65%
Warpath
65%
Cannonball
64%
Dazzler
61%
Domino
61%
Wolfsbane
60%
Sunfire
59%
Genesis
57%
Thunderbird (John Proudstar)
57%
Thunderbird (Neal Shaara)
57%
Darwin
55%
Multiple Man
55%
Mirage
54%
Blink
53%
Hope
52%
X-Man
52%
Morph
51%
Phoenix Force
51%
Longshot
50%
Armor
48%
Boom-Boom
48%
Mimic
48%
Namor
48%
Cypher
47%
Moira X
46%
Black King
45%
Husk
45%
Legion
45%
Blindfold
44%
Dr. Cecilia Reyes
44%
Firestar
44%
Kid Omega
44%
Magma
44%
Vulcan
44%
Lockheed
43%
Marrow
43%
Pixie
43%
Warlock
43%
Chamber
42%
Northstar
42%
Strong Guy
42%
Zorn
42%
Celeste Cuckoo
41%
Karma
41%
Maggott
41%
Mindee Cuckoo
41%
Phoebe Cuckoo
41%
Xorn
41%
Beak
40%
Dust
40%
Lady Mastermind
40%
Caliban
39%
Aurora
38%
Cloak
38%
Dagger
38%
Rictor
38%
Rockslide
38%
Sage
38%
Changeling
37%
Fantomex
37%
Danger
36%
Elixir
36%
Spider-Man
36%
Synch
36%
Daken
35%
Hellion
35%
Omega Sentinel
34%
Anole
33%
Skin
33%
Surge
33%
Glob Herman
31%
Prodigy
31%
Egg
30%
Ink
29%
Petra
29%
Slipstream
29%
Bling!
28%
Box
28%
Frenzy
28%
Lifeguard
28%
Ariel
27%
Doctor Nemesis
27%
Hepzibah
27%
Scout
27%
Sway
27%
Broo
26%
Cerebella
26%
Esme Cuckoo
26%
Mercury
26%
Sunpyre
26%
ForgetMeNot
25%
Oya
25%
Stacy X
25%
Tempus
25%
Warbird
25%
Cipher
24%
E.V.A.
24%
Eye-Boy
24%
Gentle
24%
Doop
23%
Zero
22%
Graymalkin
21%
Loa
21%
Velocidad
21%
Kid Gladiator
20%
Krakoa
20%
Onyxx
20%
Sunder
20%
Trinary
20%
Wraith
20%
Indra
19%
Match
19%
Mondo
19%
Nature Girl
19%
Primal
19%
Random
19%
Sprite
19%
Transonic
19%
Omertà
18%
Shark Girl
18%
Tom Corsi
18%
Wolf Cub
18%
Cerebra
17%
Dr. Kavita Rao
17%
Ernst
17%
Trance
17%
Deathlok Prime
16%
Triage
16%
Sharon Friedlander
15%
Hijack
14%
Alysande Stuart
13%
Forearm
13%
Gazing Nightshade
13%
Alchemy
11%
Face
10%
Unus the Untouchable
9%
Crosta
8%
Kymera
8%
Pickles
7%
Gwenpool
4%
Masque
3%
Wildside
3%
Explodey Boy
2%
No matching quizzes found
Score Distribution
Percent of People with Each Score
Percentile by Number Answered
Your Score History
You have not taken this quiz since the last reset